Star and Garter Belfast (Record no. 116307)
[ view plain ]
| 000 -LEADER | |
|---|---|
| fixed length control field | 00813cac a22002175a 4500 |
| 001 - CONTROL NUMBER | |
| control field | L140320 |
| 008 - FIXED-LENGTH DATA ELEMENTS--GENERAL INFORMATION | |
| fixed length control field | 070918s1917 xxk eng u |
| 035 ## - SYSTEM CONTROL NUMBER | |
| System control number | (Sirsi) u140320 |
| 041 0# - LANGUAGE CODE | |
| Language code of text/sound track or separate title | eng |
| 100 1# - MAIN ENTRY--PERSONAL NAME | |
| Personal name | Walshe, W. |
| 245 00 - TITLE STATEMENT | |
| Title | Star and Garter Belfast |
| Remainder of title | scheme for 14 houses |
| Medium | [manuscript] |
| 255 ## - CARTOGRAPHIC MATHEMATICAL DATA | |
| Statement of scale | Scales: 1:96, 1:1056 |
| 260 ## - PUBLICATION, DISTRIBUTION, ETC. | |
| Date of publication, distribution, etc. | 1917 |
| 300 ## - PHYSICAL DESCRIPTION | |
| Extent | 2 sheets |
| Other physical details | some col. |
| Dimensions | 55 x 72 cm. and 38 x 46 cm. |
| 340 ## - PHYSICAL MEDIUM | |
| Material base and configuration | Copy on paper, ink on linen |
| 351 ## - ORGANIZATION AND ARRANGEMENT OF MATERIALS | |
| Hierarchical level | Fonds |
| 500 ## - GENERAL NOTE | |
| General note | The larger sheet shows plans and elevations for proposed cottages for disabled soldiers at Belfast. The smaller shows the sites of the proposed cottages between Church Road and Saintfield Road in Belfast. The drawings are by W. Walshe, architect. |
| 651 4# - SUBJECT ADDED ENTRY--GEOGRAPHIC NAME | |
| Geographic name | Belfast |
| 690 ## - LOCAL SUBJECT ADDED ENTRY--TOPICAL TERM (OCLC, RLIN) | |
| Topical term or geographic name as entry element | BUILT ENVIRONMENT |
| 942 ## - ADDED ENTRY ELEMENTS (KOHA) | |
| Suppress in OPAC | 0 |
| Withdrawn status | Lost status | Source of classification or shelving scheme | Damaged status | Not for loan | Home library | Current library | Shelving location | Date acquired | Total Checkouts | Full call number | Barcode | Date last seen | Copy number | Price effective from | Koha item type |
|---|---|---|---|---|---|---|---|---|---|---|---|---|---|---|---|
| Dewey Decimal Classification | Historic collection | Historic collection | Historic collection | 18/09/2007 | MAP CABINET DRAWER 9 | 140320-2001 | 06/08/2019 | 1 | 06/08/2019 | Archive |